Zimkove maľby na dreve

Podrobná bibliografia
Hlavný autor: Švec, Andrej (Autor)
Médium: Článok
Jazyk:slovenčina
PhysicalDescription:Obr.
Predmet:

MARC

LEADER 00000nab a2200000 a 4500
001 vtls009279218
003 SK-MaSNL
005 20260304151812.0
008 250506c1975 xo |r|p|||||||000 b|slo
015 |a SNBRB1976 
035 |a (uuid)90624636-f363-48ca-bb83-0478a7161085 
035 |a urn:nbn:sk:snk-ab121e 
035 |a (urnnbn)urn:nbn:sk:snk:ar-0052tv 
038 |a SNKBUCL 
040 |a SNKBUCL  |b slo  |c SNKBUCL  |e AACR2 
041 0 |a slo 
044 |a xo  |c SK 
080 |a 75.071.1  |2 1997 
100 1 |a Švec, Andrej  |4 aut  |9 267248 
245 1 0 |a Zimkove maľby na dreve  |c Andrej Švec 
300 |b Obr. 
600 1 7 |a Zimka, Ondrej,  |d 1937-  |2 snkbucl  |9 103112 
650 0 7 |a maľby na dreve  |2 snkbucl  |9 1011813 
773 0 |t Výtvarný život  |g Roč. 20, č. 10 (1975), s. 34-35 
850 |a Slovenská národná knižnica 
852 |a Slovenská národná knižnica 
954 |a odborná, vedecká literatúra pôvodná (slovenská)  |2 lita 
958 |a article2022 
958 |a BX 
958 |a OND 
958 |a EUIPO 
999 |c 2945895  |d 2947825